00407nam a22001457a 4500003000400000008004100004020001800045082001500063100002000078245008200098260003300180300001400213650001900227700001500246OSt240702b |||||||| |||| 00| 0 eng d a9781591841807 a658.4bGRC aGREENWALD,Bruce aCompetition demystified: a Radically Simplified Approach to Business Strategy aNew York:bPortfolio,c2005. axiv,399p. aGeneral Books  aJudo Khan